[Event "Woe is US!"]
[Site "SchemingMind.com"]
[Date "2018.12.15"]
[Round "-"]
[White "Karpovski"]
[Black "barbafish"]
[Result "1-0"]
[WhiteCountry "SCO"]
[BlackCountry "SWE"]
[WhiteElo "1985"]
[WhiteRD "127"]
[BlackElo "1886"]
[BlackRD "119"]
[GameID "436058"]

1. c4 Nf6 2. g3 g6 3. Bg2 Bg7 4. Nc3 O-O 5. e4 c5 6. Nf3 Nc6 7. d3 d6 8. h3 a6 9. O-O Rb8 10. Re1 b5
11. e5 dxe5 12. Nxe5 Nxe5 13. Rxe5 Qc7 14. Bf4 Qd6 15. Re3
1-0

[Event "Woe is US!"]
[Site "SchemingMind.com"]
[Date "2018.12.16"]
[Round "-"]
[White "barbafish"]
[Black "Karpovski"]
[Result "0-1"]
[WhiteCountry "SWE"]
[BlackCountry "SCO"]
[WhiteElo "1754"]
[WhiteRD "105"]
[BlackElo "2029"]
[BlackRD "120"]
[GameID "436059"]

1. d4 Nf6 2. c4 e6 3. Nc3 Bb4 4. e3 b6 5. Ne2 O-O 6. a3 Be7 7. e4 d6 8. g3 Bb7 9. Bg2 Nbd7 10. O-O e5
11. d5 a5 12. f4 Nc5 13. h3 h6 14. Be3 Bc8 15. Kh2 Bb7 16. Bxc5 bxc5 17. fxe5 dxe5 18. g4 Nd7 19. Ng3 Nb6 20. b3 Bc8
21. Nf5 Bg5 22. Ne2 g6
0-1